<?xml version="1.0" encoding="UTF-8"?>
<record
    xmlns:xsi="http://www.w3.org/2001/XMLSchema-instance"
    xsi:schemaLocation="http://www.loc.gov/MARC21/slim http://www.loc.gov/standards/marcxml/schema/MARC21slim.xsd"
    xmlns="http://www.loc.gov/MARC21/slim">

  <leader>00659nam a2200145Ia 4500</leader>
  <controlfield tag="008">171212s9999    xx            000 0 und d</controlfield>
  <datafield tag="020" ind1=" " ind2=" ">
    <subfield code="a">9780874214284</subfield>
  </datafield>
  <datafield tag="100" ind1=" " ind2=" ">
    <subfield code="a">Barney, Ronald</subfield>
  </datafield>
  <datafield tag="245" ind1=" " ind2=" ">
    <subfield code="c">Barney, Ronald</subfield>
    <subfield code="a">One Side By Himself</subfield>
  </datafield>
  <datafield tag="260" ind1=" " ind2=" ">
    <subfield code="b">University Press of Colorado</subfield>
    <subfield code="c">2001</subfield>
  </datafield>
  <datafield tag="440" ind1=" " ind2=" ">
    <subfield code="a">Western Experience Series</subfield>
  </datafield>
  <datafield tag="650" ind1=" " ind2=" ">
    <subfield code="a">History</subfield>
  </datafield>
  <datafield tag="650" ind1=" " ind2=" ">
    <subfield code="a">Mormon pioneers -- West (U.S.) -- Biography; Mormon pioneers -- Utah -- Biography; Frontier and pioneer life -- West (U.S.); Frontier and pioneer life -- Utah; Mormon Church -- History -- 19th century; West (U.S.) -- Biography; Utah -- Biography</subfield>
  </datafield>
  <datafield tag="856" ind1=" " ind2=" ">
    <subfield code="u">www.jstor.org/stable/10.2307/j.ctt46nz1g</subfield>
  </datafield>
  <datafield tag="999" ind1=" " ind2=" ">
    <subfield code="c">353134</subfield>
    <subfield code="d">353134</subfield>
  </datafield>
  <datafield tag="952" ind1=" " ind2=" ">
    <subfield code="0">0</subfield>
    <subfield code="1">0</subfield>
    <subfield code="4">0</subfield>
    <subfield code="a">CL</subfield>
    <subfield code="b">CL</subfield>
    <subfield code="d">2017-12-12</subfield>
    <subfield code="l">0</subfield>
    <subfield code="o">F593 B24 2001</subfield>
    <subfield code="r">2017-12-12 00:00:00</subfield>
    <subfield code="w">2017-12-12</subfield>
    <subfield code="y">CBE</subfield>
  </datafield>
</record>
